00537nam a2200157Ia 4500008004100000082001900041100001800060245002900078260003300107300000800140630002900148730002900177942000900206999001900215952014500234100122s9999 xx 000 0 und d b24304a796.358 aDOCKER EDWARD aHISTORY OF INDIAN CRIKET bDREAMLAND PUBLICATIONSc1976 a288 aHISTORY OF INDIAN CRIKET aHISTORY OF INDIAN CRIKET cBOOK c367407d367404 00104070aSVPPARLEbSVPPARLEd1976-10-20g48.00l0o24304pSVPPARLE-24304r2010-01-25 00:00:00v48.00w2010-01-25yBOOKz", , General, NA"